[Event "FIRST SATURDAY  GM MARCH 2013"]
[Site "Budapest"]
[Date "2013.03.09"]
[Round "7.3"]
[White "Varga, Zoltan"]
[Black "Grimm, Daniel"]
[Result "1/2-1/2"]
[WhiteElo "2446"]
[BlackElo "2221"]
[PlyCount "45"]
[EventDate "2013.03.02"]

1. e4 c5 2. Nf3 Nc6 3. d4 cxd4 4. Nxd4 Nf6 5. Nc3 e5 6. Ndb5 d6 7. Bg5 a6 8.
Na3 b5 9. Nd5 Be7 10. Bxf6 Bxf6 11. c3 Bg5 12. Nc2 O-O 13. a4 bxa4 14. Rxa4 a5
15. Bc4 Rb8 16. Ra2 Kh8 17. O-O g6 18. Kh1 Bh6 19. b4 axb4 20. cxb4 f5 21. b5
Ne7 22. exf5 gxf5 23. Ncb4 1/2-1/2

[Event "FIRST SATURDAY  GM MARCH 2013"]
[Site "Budapest"]
[Date "2013.03.09"]
[Round "7.4"]
[White "Arjun, Bharat"]
[Black "Kalegin, Evgenij"]
[Result "0-1"]
[WhiteElo "2294"]
[BlackElo "2462"]
[PlyCount "44"]
[EventDate "2013.03.02"]

1. Nf3 c5 2. c4 Nf6 3. Nc3 b6 4. g3 Bb7 5. Bg2 g6 6. d4 cxd4 7. Qxd4 Bg7 8. O-O
d6 9. Rd1 Nbd7 10. Qh4 Rc8 11. Rd3 h6 12. b3 Kf8 13. Nd4 Bxg2 14. Kxg2 g5 15.
Bxg5 hxg5 16. Qxg5 Rc5 17. Qd2 Qa8+ 18. f3 Ng4 19. Qf4 Ndf6 20. Nc2 Rxh2+ 21.
Kf1 Rch5 22. Ke1 Bh6 0-1

[Event "FIRST SATURDAY  GM MARCH 2013"]
[Site "Budapest"]
[Date "2013.03.09"]
[Round "7.5"]
[White "Vishnu, Prasanna. V"]
[Black "Manca, Federico"]
[Result "1/2-1/2"]
[WhiteElo "2483"]
[BlackElo "2411"]
[PlyCount "33"]
[EventDate "2013.03.02"]

1. c4 Nf6 2. Nf3 e6 3. g3 d5 4. Bg2 d4 5. e3 Nc6 6. exd4 Nxd4 7. O-O Bc5 8. d3
O-O 9. Nbd2 c6 10. Re1 a5 11. Nxd4 Bxd4 12. Nf3 e5 13. Nxd4 Qxd4 14. Be3 Qd6
15. Qb3 Ng4 16. Qb6 Bf5 17. Rad1 1/2-1/2

[Event "FIRST SATURDAY  GM MARCH 2013"]
[Site "Budapest"]
[Date "2013.03.10"]
[Round "8.1"]
[White "Duda, Jan-Krzysztof"]
[Black "Manca, Federico"]
[Result "1-0"]
[WhiteElo "2468"]
[BlackElo "2411"]
[PlyCount "123"]
[EventDate "2013.03.02"]

1. d4 Nf6 2. c4 c5 3. d5 b5 4. cxb5 a6 5. e3 axb5 6. Bxb5 Qa5+ 7. Nc3 Bb7 8.
Bd2 Qb6 9. Nf3 Nxd5 10. a4 e6 11. O-O Be7 12. Ne5 O-O 13. Nxd5 Bxd5 14. Bc3 d6
15. Nc4 Qb7 16. e4 Bxc4 17. Qg4 g6 18. Bxc4 Nc6 19. a5 Nb4 20. Rfd1 Rfd8 21. h4
d5 22. exd5 exd5 23. Qf3 Bxh4 24. a6 Qb6 25. Bxb4 Qxb4 26. Bxd5 Ra7 27. g3 Bg5
28. Bxf7+ Rxf7 29. Rxd8+ Bxd8 30. Qxf7+ Kxf7 31. a7 Qxb2 32. a8=Q Be7 33. Qd5+
Kf6 34. Ra6+ Kg7 35. Ra7 Kf8 36. Ra8+ Kg7 37. Rg8+ Kf6 38. Qc6+ Kf7 39. Qe8+
Ke6 40. Rf8 Qb1+ 41. Kh2 Qd1 42. Rf4 Qh5+ 43. Rh4 Qf3 44. Qc8+ Kd6 45. Qb8+ Ke6
46. Qc8+ Kd6 47. Qa6+ Kd7 48. Qa4+ Kd6 49. Rf4 Qd5 50. Qa1 g5 51. Ra4 Ke6 52.
Qg7 Qf5 53. Qg8+ Ke5 54. Ra2 Qd3 55. Ra7 Bd6 56. Qxg5+ Kd4 57. Qg4+ Kd5 58.
Qg8+ Kd4 59. Rd7 Ke5 60. Qe8+ Kf6 61. Rf7+ Kg5 62. Qg8+ 1-0

[Event "FIRST SATURDAY  GM MARCH 2013"]
[Site "Budapest"]
[Date "2013.03.10"]
[Round "8.2"]
[White "Kalegin, Evgenij"]
[Black "Vishnu, Prasanna. V"]
[Result "1/2-1/2"]
[WhiteElo "2462"]
[BlackElo "2483"]
[PlyCount "43"]
[EventDate "2013.03.02"]

1. e4 c5 2. Nf3 d6 3. Bb5+ Nd7 4. c3 Ngf6 5. Qe2 a6 6. Ba4 b5 7. Bc2 e5 8. O-O
Be7 9. d4 O-O 10. Rd1 Qc7 11. dxe5 Nxe5 12. Nxe5 dxe5 13. Nd2 Rd8 14. a4 Rb8
15. axb5 axb5 16. c4 bxc4 17. Nxc4 Bg4 18. Rxd8+ Bxd8 19. f3 Be6 20. Be3 Nd7
21. Bd3 Be7 22. Rd1 1/2-1/2

[Event "FIRST SATURDAY  GM MARCH 2013"]
[Site "Budapest"]
[Date "2013.03.10"]
[Round "8.3"]
[White "Grimm, Daniel"]
[Black "Arjun, Bharat"]
[Result "1-0"]
[WhiteElo "2221"]
[BlackElo "2294"]
[PlyCount "93"]
[EventDate "2013.03.02"]

1. e4 c5 2. Nf3 d6 3. d4 cxd4 4. Nxd4 Nf6 5. Nc3 g6 6. Be3 Bg7 7. f3 O-O 8. Qd2
Nc6 9. O-O-O d5 10. Qe1 e6 11. h4 Qc7 12. h5 Nxd4 13. Bxd4 e5 14. Nb5 Qe7 15.
Bc3 Nxh5 16. exd5 a6 17. Bb4 Qg5+ 18. Bd2 Qd8 19. Nc3 f5 20. Kb1 Bd7 21. Bc4 b5
22. Bb3 a5 23. a4 Kh8 24. Nxb5 Bxb5 25. axb5 a4 26. Ba2 a3 27. b4 e4 28. Bc3
Qc7 29. Rd4 Rac8 30. Rc4 Qb7 31. fxe4 Rxc4 32. Bxc4 Rc8 33. exf5 Qc7 34. Rxh5
a2+ 35. Ka1 gxh5 36. f6 Qd7 37. fxg7+ Kg8 38. Qe4 Qd6 39. Kxa2 h4 40. Kb3 h3
41. gxh3 h5 42. Qe6+ Qxe6 43. dxe6 h4 44. e7+ Kh7 45. g8=Q+ Rxg8 46. Bxg8+ Kh6
47. e8=Q 1-0

[Event "FIRST SATURDAY  GM MARCH 2013"]
[Site "Budapest"]
[Date "2013.03.10"]
[Round "8.4"]
[White "Gonda, Laszlo"]
[Black "Varga, Zoltan"]
[Result "1/2-1/2"]
[WhiteElo "2538"]
[BlackElo "2446"]
[PlyCount "72"]
[EventDate "2013.03.02"]

1. d4 d5 2. Nf3 c6 3. c4 Nf6 4. Nc3 e6 5. Bg5 h6 6. Bxf6 Qxf6 7. e3 Nd7 8. Bd3
g6 9. O-O Bg7 10. e4 O-O 11. e5 Qe7 12. Re1 Rd8 13. Qe2 Rb8 14. Rac1 dxc4 15.
Bxc4 b6 16. h3 Bb7 17. Qe3 a6 18. Ne4 c5 19. dxc5 bxc5 20. b3 a5 21. Qf4 Bxe4
22. Qxe4 Nb6 23. Red1 Rxd1+ 24. Rxd1 Rd8 25. Rxd8+ Qxd8 26. Qc6 Nxc4 27. bxc4
Qd1+ 28. Kh2 Qe2 29. Qxc5 Qxa2 30. Qc8+ Bf8 31. c5 Qc4 32. c6 a4 33. c7 a3 34.
Qb7 a2 35. c8=Q Qxc8 36. Qxc8 a1=Q 1/2-1/2

[Event "FIRST SATURDAY  GM MARCH 2013"]
[Site "Budapest"]
[Date "2013.03.10"]
[Round "8.5"]
[White "Hujbert, Florian"]
[Black "Czebe, Attila"]
[Result "1/2-1/2"]
[WhiteElo "2429"]
[BlackElo "2492"]
[PlyCount "26"]
[EventDate "2013.03.02"]

1. e4 e5 2. Nf3 Nc6 3. Bb5 a6 4. Ba4 Nf6 5. O-O Be7 6. Re1 b5 7. Bb3 d6 8. c3
O-O 9. h3 Bb7 10. d4 Re8 11. Ng5 Rf8 12. Nf3 Re8 13. Nbd2 Bf8 1/2-1/2

[Event "FIRST SATURDAY  GM MARCH 2013"]
[Site "Budapest"]
[Date "2013.03.11"]
[Round "9.1"]
[White "Czebe, Attila"]
[Black "Duda, Jan-Krzysztof"]
[Result "1/2-1/2"]
[WhiteElo "2492"]
[BlackElo "2468"]
[PlyCount "119"]
[EventDate "2013.03.02"]

1. Nf3 Nf6 2. g3 d5 3. Bg2 c6 4. c4 Bf5 5. cxd5 cxd5 6. Qb3 Qb6 7. Qxb6 axb6 8.
Nc3 Nc6 9. d3 e6 10. Nb5 Bb4+ 11. Bd2 Ke7 12. a3 Bxd2+ 13. Kxd2 Rhc8 14. Nbd4
Bg6 15. Rhc1 Nd7 16. Rc3 e5 17. Nxc6+ bxc6 18. d4 e4 19. Nh4 c5 20. Rac1 Ra4
21. b4 c4 22. f3 exf3 23. Bxf3 Kd6 24. Re3 b5 25. Bg4 Rca8 26. Nxg6 hxg6 27.
Bxd7 Kxd7 28. Rcc3 R4a6 29. h4 f6 30. Rf3 Re6 31. Rf4 Rae8 32. e3 Ke7 33. Rf1
Re4 34. a4 Rg4 35. axb5 Rxg3 36. Ra3 Rg2+ 37. Kc1 Kd6 38. Ra7 Rxe3 39. Rxg7 Ke6
40. Ra7 f5 41. Ra6+ Kf7 42. h5 gxh5 43. Rxf5+ Kg7 44. Rf1 Rc3+ 45. Kb1 Rb3+ 46.
Kc1 h4 47. Re1 Rg6 48. Rh1 Rg4 49. Ra4 c3 50. b6 Rxd4 51. b7 Rdxb4 52. Rxb4
Rxb4 53. Rxh4 Rxb7 54. Rd4 Rb5 55. Kc2 Kf6 56. Kxc3 Ke5 57. Rh4 Rb8 58. Kd3
Rb3+ 59. Kd2 d4 60. Rh8 1/2-1/2

[Event "FIRST SATURDAY  GM MARCH 2013"]
[Site "Budapest"]
[Date "2013.03.11"]
[Round "9.2"]
[White "Varga, Zoltan"]
[Black "Hujbert, Florian"]
[Result "1/2-1/2"]
[WhiteElo "2446"]
[BlackElo "2429"]
[PlyCount "44"]
[EventDate "2013.03.02"]

1. c4 e6 2. e4 d5 3. exd5 exd5 4. d4 Nf6 5. Nc3 Nc6 6. cxd5 Nxd5 7. Bb5 Be7 8.
Qa4 O-O 9. Bxc6 Nb6 10. Qc2 bxc6 11. Nge2 c5 12. dxc5 Bxc5 13. O-O Ba6 14. Rd1
Qh4 15. Ng3 Rad8 16. Rxd8 Rxd8 17. Nce4 Be7 18. Be3 Bd3 19. Qc6 Nd5 20. Nc5
Nxe3 21. fxe3 g6 22. Nxd3 Rxd3 1/2-1/2

[Event "FIRST SATURDAY  GM MARCH 2013"]
[Site "Budapest"]
[Date "2013.03.11"]
[Round "9.3"]
[White "Arjun, Bharat"]
[Black "Gonda, Laszlo"]
[Result "0-1"]
[WhiteElo "2294"]
[BlackElo "2538"]
[PlyCount "102"]
[EventDate "2013.03.02"]

1. Nf3 c5 2. c4 Nc6 3. d4 cxd4 4. Nxd4 Nf6 5. g3 Qb6 6. Nc2 Ne5 7. Ne3 e6 8.
Bg2 d6 9. O-O Bd7 10. Nc3 Bc6 11. b3 Be7 12. Bxc6+ bxc6 13. Bb2 Ned7 14. Nc2
O-O 15. e4 Nc5 16. Qe2 a5 17. Rad1 Rfd8 18. Rd2 Ne8 19. Rfd1 Bg5 20. Qg4 Bxd2
21. Rxd2 a4 22. b4 a3 23. Bxa3 Rxa3 24. Nxa3 Qxb4 25. Ncb1 Nf6 26. Qe2 Ncxe4
27. Rb2 Qc5 28. Kg2 d5 29. cxd5 exd5 30. f3 Ng5 31. Rc2 Qd6 32. Qa6 Qe6 33. g4
c5 34. Qa5 Re8 35. Qc3 h5 36. h4 Ngh7 37. g5 Nd7 38. Nb5 Rb8 39. a4 Nhf8 40.
N1a3 Ng6 41. Kg3 Ra8 42. a5 Qf5 43. Qd2 Nde5 44. Qe3 Rxa5 45. Rxc5 Ra4 46. Rxd5
Rxh4 47. Nc4 Qh3+ 48. Kf2 Qh1 49. Qc3 Rh2+ 50. Ke3 Qg1+ 51. Ke4 Rh4+ 0-1

[Event "FIRST SATURDAY  GM MARCH 2013"]
[Site "Budapest"]
[Date "2013.03.11"]
[Round "9.4"]
[White "Vishnu, Prasanna. V"]
[Black "Grimm, Daniel"]
[Result "1-0"]
[WhiteElo "2483"]
[BlackElo "2221"]
[PlyCount "55"]
[EventDate "2013.03.02"]

1. e4 c5 2. Nf3 Nc6 3. Nc3 Nf6 4. Bb5 Qc7 5. Qe2 e5 6. Nd5 Nxd5 7. exd5 Nd4 8.
Nxd4 cxd4 9. f4 Bd6 10. O-O O-O 11. f5 e4 12. Qxe4 Bxh2+ 13. Kh1 Qe5 14. Qf3 d6
15. b3 g6 16. Bd3 Qg3 17. fxg6 hxg6 18. Bxg6 Qxf3 19. Rxf3 fxg6 20. Rxf8+ Kxf8
21. Kxh2 Bf5 22. Ba3 Ke7 23. d3 Rc8 24. Rc1 Kd7 25. Kg3 b5 26. Kf4 b4 27. Bb2
Rh8 28. g4 1-0

[Event "FIRST SATURDAY  GM MARCH 2013"]
[Site "Budapest"]
[Date "2013.03.11"]
[Round "9.5"]
[White "Manca, Federico"]
[Black "Kalegin, Evgenij"]
[Result "1/2-1/2"]
[WhiteElo "2411"]
[BlackElo "2462"]
[PlyCount "49"]
[EventDate "2013.03.02"]

1. e4 c5 2. c3 Nf6 3. e5 Nd5 4. Nf3 e6 5. d4 cxd4 6. cxd4 d6 7. Bc4 Nc6 8. O-O
Be7 9. Qe2 O-O 10. Nc3 dxe5 11. dxe5 Nxc3 12. bxc3 Qa5 13. Bd2 Rd8 14. Rfe1 Bd7
15. Bb3 Be8 16. Bc2 g6 17. a4 Qc5 18. Rab1 Na5 19. c4 b6 20. Bb4 Qc7 21. Qe3
Bxb4 22. Rxb4 Qc5 23. Qc3 h6 24. Be4 Rac8 25. Rc1 1/2-1/2